[Event "A Dutch Treat"]
[Site "SchemingMind.com"]
[Date "2006.01.06"]
[Round "-"]
[White "langhab"]
[Black "mikhailtal"]
[Result "0-1"]
[WhiteCountry "PHI"]
[BlackCountry "ENG"]
[WhiteElo "1695"]
[WhiteRD "71"]
[BlackElo "1783"]
[BlackRD "62"]
[GameID "35179"]

1. d4 f5 2. c4 Nf6 3. g3 g6 4. Bg2 Bg7 5. Nc3 O-O 6. b4 d6 7. e3 c6 8. Nge2 Qe8 9. O-O Bd7 10. Bb2 Na6
11. a3 Nc7 12. Qc2 Qf7 13. d5 cxd5 14. Nxd5 Ncxd5 15. cxd5 Nxd5 16. Bxg7 Kxg7 17. Rfd1 Rac8 18. Qb2+ Qf6 19. Qxf6+ Nxf6 20. Bxb7 Rb8
21. Bf3 Rfc8 22. Rdc1 d5 23. Nf4 e6 24. Nd3 Rxc1+ 25. Rxc1 Rc8 26. Nc5 Kf7 27. Be2 Ne4 28. f3 Nxc5 29. bxc5 Ba4 30. Kf1 e5
31. e4 d4 32. Bc4+ Kf6 33. Bd5 Bc6 34. Ke2 g5 35. h3 fxe4 36. fxe4 h6 37. Rf1+ Kg6 38. Rc1 Rc7 39. g4 h5 40. Kf3 h4
41. Ke2 a5 42. Bxc6 Rxc6 43. Kd3 Kf6 44. Kc4 Ke6 45. Rb1 Kd7 46. Kd5 Rc7 47. Kxe5 Rxc5+ 48. Kxd4 Kc6 49. e5 Rc2 50. Re1 Kd7
51. Re3 Ke6 52. Kd3= Rc5 53. Kd4 Rd5+ 54. Kc4 Rxe5 55. Rf3 a4 56. Kd4 Re1 57. Rd3 Rb1 58. Re3+ Kd6 59. Rd3 Rg1 60. Kc4+ Ke5
61. Kb4 Rg3 62. Rd8 Rxh3 63. Kxa4 Rh1 64. Kb5 h3
0-1

[Event "A Dutch Treat"]
[Site "SchemingMind.com"]
[Date "2006.01.05"]
[Round "-"]
[White "eHowitzer"]
[Black "mikhailtal"]
[Result "1-0"]
[WhiteCountry "CAN"]
[BlackCountry "ENG"]
[WhiteElo "2130"]
[WhiteRD "72"]
[BlackElo "1791"]
[BlackRD "61"]
[GameID "35180"]

1. d4 f5 2. g3 Nf6 3. Bg2 g6 4. Nf3 Bg7 5. O-O O-O 6. c4 d6 7. Nc3 Qe8 8. b3 Na6 9. Ba3 c6 10. Qd3 Nc7
11. Rac1 Bd7 12. Nd2 Rb8 13. e4 fxe4 14. Ndxe4 Nxe4 15. Qxe4 Bf5 16. Qe3 Qf7 17. Rfe1 Rfe8 18. f4 b5 19. Bxc6 b4 20. Bxb4 Rxb4
21. Bxe8 Nxe8 22. Nb5 Rxb5 23. cxb5 Qd5 24. Red1 Bh3 25. Rd2 Bf6 26. Qd3 Ng7 27. Qc4 Qf7 28. Qxf7+ Kxf7 29. d5 Nf5 30. Rc4 Ne3
31. Rc7 Nf5 32. Rxa7 Nd4 33. b6 Bc8 34. Kg2 Nb5 35. b7
1-0

[Event "A Dutch Treat"]
[Site "SchemingMind.com"]
[Date "2006.01.05"]
[Round "-"]
[White "Zugzwang"]
[Black "mikhailtal"]
[Result "0-1"]
[WhiteCountry "CAN"]
[BlackCountry "ENG"]
[WhiteElo "1538"]
[WhiteRD "70"]
[BlackElo "1791"]
[BlackRD "61"]
[GameID "35181"]

1. d4 f5 2. g3 Nf6 3. c4 g6 4. Bg2 Bg7 5. Nf3 d6 6. O-O O-O 7. Nc3 Qe8 8. d5 Na6 9. b3 Bd7 10. Bb2 c6
11. Re1 Nc5 12. Ng5 h6 13. Nf3 Nfe4 14. Qc2 Qf7 15. Nd2 a5 16. f3 Ng5 17. f4 Nh7 18. dxc6 bxc6 19. a3 Nf6 20. Rad1 Rab8
21. Ndb1 Nxb3 22. Nd5 cxd5 23. Rxd5 Nxd5 24. Bxg7 Qxg7 25. cxd5 Nc5
0-1

[Event "A Dutch Treat"]
[Site "SchemingMind.com"]
[Date "2006.01.05"]
[Round "-"]
[White "Louis Lima"]
[Black "mikhailtal"]
[Result "0-1"]
[WhiteCountry "ESP"]
[BlackCountry "ENG"]
[WhiteElo "1717"]
[WhiteRD "56"]
[BlackElo "1825"]
[BlackRD "66"]
[GameID "35182"]

1. d4 f5 2. e4 fxe4 3. Nc3 Nf6 4. Bg5 Nc6 5. f3 e5 6. d5 Nd4 7. Nxe4 Be7 8. c3 Nf5 9. g4 Nd6 10. Bd3 Ndxe4
11. Bxe4 Nxd5 12. Bxe7 Nxe7 13. Qb3 d5 14. O-O-O c6 15. Ne2 Qc7 16. Bc2 Be6 17. Rhf1 O-O-O 18. Qa3 Kb8 19. f4 Bxg4
0-1

[Event "A Dutch Treat"]
[Site "SchemingMind.com"]
[Date "2006.01.06"]
[Round "-"]
[White "e_castle3"]
[Black "mikhailtal"]
[Result "1-0"]
[WhiteCountry "PHI"]
[BlackCountry "ENG"]
[WhiteElo "1683"]
[WhiteRD "68"]
[BlackElo "1751"]
[BlackRD "63"]
[GameID "35183"]

1. d4 f5 2. c4 Nf6 3. g3 g6 4. Bg2 Bg7 5. Nc3 O-O 6. Nf3 d6 7. Bg5 Qe8 8. Qd2 Na6 9. a3 c6 10. Bh6 Nc7
11. Bxg7 Kxg7 12. O-O Bd7 13. Rfe1 Ne4 14. Qc2 Qf7 15. b3 Nxc3 16. Qxc3 Rab8 17. e4 fxe4 18. Rxe4 b5 19. Rae1 e6 20. R1e2 bxc4
21. bxc4 Rb1+ 22. Re1 Rxe1+ 23. Qxe1 h6 24. Qa5 Qf5 25. Qxc7 Qxe4 26. Qxd7+ Rf7 27. Qxd6 Qb1+ 28. Bf1 Rxf3 29. Qxc6 Qf5 30. Qb7+ Qf7
31. Qb2 Kh7 32. c5 e5 33. dxe5 Rb3 34. Qa2 Qb7 35. c6 Qb6 36. c7 Rc3 37. Qf7+ Kh8 38. Qf8+
1-0

[Event "A Dutch Treat"]
[Site "SchemingMind.com"]
[Date "2006.01.07"]
[Round "-"]
[White "Erhaem"]
[Black "willygor"]
[Result "1-0"]
[WhiteCountry "NED"]
[BlackCountry "ARG"]
[WhiteElo "1976"]
[WhiteRD "62"]
[BlackElo "1646"]
[BlackRD "63"]
[GameID "35482"]

1. d4 f5 2. Nf3 Nf6 3. g3 e6 4. Bg2 Bb4+ 5. c3 Be7 6. O-O O-O 7. c4 d5 8. b3 Nbd7 9. Ng5 Nb8 10. Nc3 h6
11. Nh3 Nbd7 12. Nf4 Nb8 13. cxd5 Bb4 14. Nxe6 Bxe6 15. dxe6 Bxc3 16. Ba3 Bxa1 17. e7
1-0

[Event "A Dutch Treat"]
[Site "SchemingMind.com"]
[Date "2006.01.07"]
[Round "-"]
[White "Erhaem"]
[Black "JPT"]
[Result "1-0"]
[WhiteCountry "NED"]
[BlackCountry "INT"]
[WhiteElo "1976"]
[WhiteRD "62"]
[BlackElo "1765"]
[BlackRD "71"]
[GameID "35483"]

1. d4 f5 2. Nf3 Nf6 3. g3 g6 4. Bg2 Bg7 5. O-O d6 6. c4 O-O 7. Nc3 Nbd7 8. Ng5 Nb8 9. Qb3 Qe8 10. c5+ d5
11. Bxd5+ Nxd5 12. Nxd5 Kh8 13. Nxc7 Qc6 14. Nf7+ Rxf7 15. Qxf7 b6 16. Ne8
1-0

[Event "A Dutch Treat"]
[Site "SchemingMind.com"]
[Date "2006.01.07"]
[Round "-"]
[White "Erhaem"]
[Black "lumilinna"]
[Result "1-0"]
[WhiteCountry "NED"]
[BlackCountry "FIN"]
[WhiteElo "2032"]
[WhiteRD "51"]
[BlackElo "1819"]
[BlackRD "71"]
[GameID "35484"]

1. d4 f5 2. Nf3 Nf6 3. g3 e6 4. Bg2 Be7 5. O-O O-O 6. c4 d6 7. Nc3 Qe8 8. b3 a5 9. Bb2 Na6 10. a3 Rb8
11. e3 Bd7 12. h3 c6 13. Nd2 b5 14. Qe2 c5 15. cxb5 Bxb5 16. Nxb5 Qxb5 17. Qxb5 Rxb5 18. Bc3 cxd4 19. exd4 Bd8 20. Rfe1 Kf7
21. Bf1 Rb6 22. Bxa5 Rc6 23. Nc4 Nc7 24. Rac1 Ncd5 25. Bxd8 Rxd8 26. Ne5+
1-0

[Event "A Dutch Treat"]
[Site "SchemingMind.com"]
[Date "2006.01.07"]
[Round "-"]
[White "Erhaem"]
[Black "langhab"]
[Result "1-0"]
[WhiteCountry "NED"]
[BlackCountry "PHI"]
[WhiteElo "1988"]
[WhiteRD "55"]
[BlackElo "1704"]
[BlackRD "64"]
[GameID "35485"]

1. d4 f5 2. Nf3 Nf6 3. g3 b6 4. Bg2 Bb7 5. O-O e6 6. c4 Be7 7. Nc3 O-O 8. d5 exd5 9. cxd5 d6 10. Nd4 Bc8
11. Qc2 g6 12. Ncb5 Na6 13. Nc6 Qd7 14. Nbxa7 Rxa7 15. Nxa7 Nb4 16. Qc4 c5 17. Nc6 Bb7 18. Nxb4 b5 19. Qd3 cxb4 20. Bd2
1-0

[Event "A Dutch Treat"]
[Site "SchemingMind.com"]
[Date "2006.01.07"]
[Round "-"]
[White "Erhaem"]
[Black "eHowitzer"]
[Result "0-1"]
[WhiteCountry "NED"]
[BlackCountry "CAN"]
[WhiteElo "1988"]
[WhiteRD "55"]
[BlackElo "2130"]
[BlackRD "72"]
[GameID "35486"]

1. d4 f5 2. Nf3 Nf6 3. Bg5 e6 4. Nbd2 d5 5. e3 Be7 6. Ne5 O-O 7. Bd3 c5 8. O-O Qb6 9. Rb1 cxd4 10. exd4 Qxd4
11. Qe2 Bd6 12. Ndf3 Qc5 13. Rfe1 Ne4 14. Be3 Qc7 15. Bd4 Nc6 16. Nxc6 bxc6 17. b3 a5 18. a4 e5 19. Bb2 Re8 20. Rbd1 Bc5
21. Rf1 Nxf2 22. Rxf2 Bxf2+ 23. Qxf2 e4 24. Be5 Rxe5 25. Nxe5 Qxe5 26. Re1 Qc3 27. Bf1 f4 28. Rc1 g5 29. Qe2 Bf5 30. Kh1 e3
31. Qh5 Qd2 32. Ra1 Bg6 33. Qg4 Qxc2 34. Qe6+ Bf7 35. Qg4 h6 36. h4 Qg6 37. Rc1 Rb8 38. Be2 Be6 39. Qf3 Rxb3 40. Qf1 Bd7
41. Kg1 Rb4 42. h5 Qg7 43. Bd1 Qb2 44. Be2 Rxa4 45. Rb1 Qe5 46. Qd1 Ra2 47. Qf1 g4
0-1

[Event "A Dutch Treat"]
[Site "SchemingMind.com"]
[Date "2006.01.07"]
[Round "-"]
[White "Erhaem"]
[Black "mikhailtal"]
[Result "1-0"]
[WhiteCountry "NED"]
[BlackCountry "ENG"]
[WhiteElo "1988"]
[WhiteRD "55"]
[BlackElo "1791"]
[BlackRD "61"]
[GameID "35487"]

1. d4 f5 2. Nf3 Nf6 3. g3 g6 4. Bg2 Bg7 5. O-O O-O 6. c4 d6 7. Nc3 Qe8 8. d5 Na6 9. Nd4 Bd7 10. Rb1 c6
11. b3 Nc7 12. Bb2 a6 13. dxc6 bxc6 14. Qd3 Rb8 15. e3 c5 16. Nc2 a5 17. Ne2 a4 18. bxa4 Bxa4 19. Bxf6 Bxf6 20. Rxb8 Qxb8
21. Nc3 Bd7 22. Rb1 Qc8 23. Rb7 Na6 24. Nd5 Kf7 25. Nb6
1-0

[Event "A Dutch Treat"]
[Site "SchemingMind.com"]
[Date "2006.01.07"]
[Round "-"]
[White "Erhaem"]
[Black "Zugzwang"]
[Result "1-0"]
[WhiteCountry "NED"]
[BlackCountry "CAN"]
[WhiteElo "1976"]
[WhiteRD "62"]
[BlackElo "1565"]
[BlackRD "75"]
[GameID "35488"]

1. d4 f5 2. Nf3 Nf6 3. Bg5 e6 4. Nbd2 d5 5. e3 Be7 6. Ne5 O-O 7. Bd3 Ne4 8. Bxe7 Qxe7 9. O-O Nd7 10. Ndf3 c6
11. c4 Nxe5 12. Nxe5 Bd7 13. c5 Be8 14. Qe1 Bh5 15. f3 Ng5 16. Qh4 Be8 17. f4 Nf3+ 18. Nxf3 Qxh4 19. Nxh4 b5 20. Nf3 Bh5
21. Ne5 a5 22. Nxc6 b4 23. a4 Rf6 24. Ne5 Rh6 25. Rac1 Rc8 26. c6 b3 27. c7 Kf8 28. Ba6
1-0

[Event "A Dutch Treat"]
[Site "SchemingMind.com"]
[Date "2006.01.07"]
[Round "-"]
[White "Erhaem"]
[Black "Louis Lima"]
[Result "1/2-1/2"]
[WhiteCountry "NED"]
[BlackCountry "ESP"]
[WhiteElo "1976"]
[WhiteRD "62"]
[BlackElo "1717"]
[BlackRD "56"]
[GameID "35489"]

1. d4 f5 2. Nf3 Nf6 3. g3 d5 4. Bg2 e6 5. O-O Bd6 6. c4 c6 7. b3 O-O 8. Ba3 Bxa3 9. Nxa3 Qe7 10. Qc1 Bd7
11. Nc2 Be8 12. Qf4 Bh5 13. c5 Bxf3 14. exf3 Nh5 15. Qe3 Nd7 16. Rfe1 Rae8 17. f4 Ndf6 18. a4 Ng4 19. Qe2 Nhf6 20. b4 Qf7
21. a5 a6 22. f3 Nh6 23. Ra3 Re7 24. Ne3 Rfe8 25. Nf1 Kf8 26. Qe3 Nd7 27. Ra2 Ng8 28. Rae2 Ngf6 29. Nd2 h5 30. h4 g6
31. Qd3 Kg7 32. Re3 Kf8 33. Nb3 Kg7 34. R3e2 Kf8 35. Nd2 Kg7 36. Re3=
1/2-1/2

[Event "A Dutch Treat"]
[Site "SchemingMind.com"]
[Date "2006.01.07"]
[Round "-"]
[White "Erhaem"]
[Black "e_castle3"]
[Result "1-0"]
[WhiteCountry "NED"]
[BlackCountry "PHI"]
[WhiteElo "1988"]
[WhiteRD "55"]
[BlackElo "1674"]
[BlackRD "71"]
[GameID "35490"]

1. d4 f5 2. Nf3 Nf6 3. g3 c6 4. Bg2 d6 5. O-O e6 6. c4 Qc7 7. Bf4 Nh5 8. Bg5 Be7 9. Nc3 O-O 10. e4 Nf6
11. exf5 exf5 12. Re1 Rf7 13. Qe2 Na6 14. d5 Bd7 15. Nd4 Re8 16. Bf4 Bf8 17. Qf3 Qb6 18. Rxe8 Nxe8 19. Ne6 Bxe6 20. dxe6 Re7
21. Bh3 g6 22. g4 fxg4 23. Bxg4 Nc5 24. Re1 Nf6 25. Bxd6 Nxg4 26. Bxe7 Bxe7 27. Qf7+
1-0

[Event "A Dutch Treat"]
[Site "SchemingMind.com"]
[Date "2006.01.08"]
[Round "-"]
[White "willygor"]
[Black "Erhaem"]
[Result "0-1"]
[WhiteCountry "ARG"]
[BlackCountry "NED"]
[WhiteElo "1672"]
[WhiteRD "64"]
[BlackElo "1988"]
[BlackRD "55"]
[GameID "35491"]

1. d4 f5 2. Nf3 Nf6 3. Nc3 e6 4. Bg5 Be7 5. e4 Nxe4 6. Bxe7 Qxe7 7. Bd3 d5 8. Ne5 O-O 9. O-O Nd7 10. f4 Qb4
11. Bxe4 fxe4 12. Nxd7 Bxd7 13. Qd2 c5 14. a3 Qxd4+ 15. Qxd4 cxd4 16. Nb1 Rac8 17. c3 d3 18. g3 e5 19. Nd2 exf4 20. gxf4 Rce8
21. Nb3 Ba4 22. Nd4 e3 23. b3 Bd7 24. f5 d2 25. a4 Bxf5 26. Rxf5 Rxf5
0-1

[Event "A Dutch Treat"]
[Site "SchemingMind.com"]
[Date "2006.01.07"]
[Round "-"]
[White "JPT"]
[Black "Erhaem"]
[Result "0-1"]
[WhiteCountry "INT"]
[BlackCountry "NED"]
[WhiteElo "1765"]
[WhiteRD "71"]
[BlackElo "1976"]
[BlackRD "62"]
[GameID "35492"]

1. d4 f5 2. e4 fxe4 3. Nc3 Nf6 4. f3 d5 5. Bg5 Bf5 6. h3 h6 7. Bxf6 exf6 8. fxe4 dxe4 9. Qh5+ g6 10. Qe2 Qxd4
11. Qb5+ Nd7 12. Nge2 Qb6 13. Nd5 Qd6 14. g4 O-O-O 15. Ndc3 e3 16. Rd1 a6 17. Qa4 Nc5 18. Rxd6 Bxd6 19. gxf5 Nxa4 20. Nxa4 gxf5
21. c4 Bb4+ 22. Nac3 Rd2 23. a3 Bxc3 24. Nxc3 Rhd8 25. b4 Rc2 26. Nd5 f4 27. Rg1 f3
0-1

[Event "A Dutch Treat"]
[Site "SchemingMind.com"]
[Date "2006.01.09"]
[Round "-"]
[White "lumilinna"]
[Black "Erhaem"]
[Result "1/2-1/2"]
[WhiteCountry "FIN"]
[BlackCountry "NED"]
[WhiteElo "1828"]
[WhiteRD "71"]
[BlackElo "1988"]
[BlackRD "55"]
[GameID "35493"]

1. d4 f5 2. g3 Nf6 3. Bg2 g6 4. Nf3 Bg7 5. c4 d6 6. O-O O-O 7. Nc3 Nc6 8. d5 Ne5 9. Nxe5 dxe5 10. e4 f4
11. gxf4 exf4 12. e5 Nd7 13. e6 Ne5 14. Re1 Nxc4 15. Re4 b5 16. Nxb5 Nxb2 17. Bxb2 Bxb2 18. Rb1 Bb7 19. Rxb2 Qxd5 20. Qxd5 Bxd5
21. Rd4 Bxg2= 22. Kxg2 Rab8 23. Rdb4 a5 24. Rc4 Rf6 25. Rc6 a4 26. Rb1 Rf5 27. Nc3 Rxb1 28. Nxb1 Kg7 29. Rxc7 Kf6 30. Rc6 Re5
31. Kf3 g5 32. Ra6 Rxe6 33. Rxe6+ Kxe6 34. Nc3 Kf5 35. Nxa4 g4+ 36. Kg2 Ke4 37. Nc3+ Kd4 38. a4 Kc5 39. f3 gxf3+ 40. Kxf3 e5
41. h4 Kb4 42. h5 Kxc3 43. a5 Kd3 44. a6=
1/2-1/2

[Event "A Dutch Treat"]
[Site "SchemingMind.com"]
[Date "2006.01.09"]
[Round "-"]
[White "langhab"]
[Black "Erhaem"]
[Result "0-1"]
[WhiteCountry "PHI"]
[BlackCountry "NED"]
[WhiteElo "1704"]
[WhiteRD "64"]
[BlackElo "1988"]
[BlackRD "55"]
[GameID "35494"]

1. d4 f5 2. g3 Nf6 3. Bg2 g6 4. c4 Bg7 5. Nc3 d6 6. e3 O-O 7. b4 a5 8. b5 c6 9. a4 Be6 10. Ba3 Bxc4
11. Nge2 Qd7 12. O-O cxb5 13. axb5 Ne4 14. Nxe4 fxe4 15. Bxe4 Bxb5 16. Rb1 Kh8 17. Nf4 Na6 18. Bd3 Bxd3 19. Qxd3 Rab8 20. Rb6 Nc7
21. Rfb1 Na8 22. Qb5 Nxb6 23. Qxb6 g5 24. Nh5 Qf5 25. Qb2 b5 26. Nxg7 Kxg7
0-1

[Event "A Dutch Treat"]
[Site "SchemingMind.com"]
[Date "2006.01.08"]
[Round "-"]
[White "eHowitzer"]
[Black "Erhaem"]
[Result "1-0"]
[WhiteCountry "CAN"]
[BlackCountry "NED"]
[WhiteElo "2125"]
[WhiteRD "72"]
[BlackElo "1976"]
[BlackRD "62"]
[GameID "35495"]

1. d4 f5 2. g3 Nf6 3. Bg2 g6 4. Nf3 Bg7 5. O-O O-O 6. c4 d6 7. Nc3 Nc6 8. d5 Ne5 9. Nxe5 dxe5 10. c5 h6
11. Qb3 Kh8 12. Rd1 g5 13. Nb5 a6 14. Qa3 f4 15. d6 fxg3 16. hxg3 exd6 17. cxd6 Ne8 18. Be3 cxd6 19. Nxd6 Nxd6 20. Rxd6 Qe8
21. Rc1 Rf7 22. Bd5 Rd7 23. Re6 Qd8 24. Bxg5 hxg5 25. Qf3 Rxd5 26. Qh5+
1-0

[Event "A Dutch Treat"]
[Site "SchemingMind.com"]
[Date "2006.01.09"]
[Round "-"]
[White "mikhailtal"]
[Black "Erhaem"]
[Result "0-1"]
[WhiteCountry "ENG"]
[BlackCountry "NED"]
[WhiteElo "1791"]
[WhiteRD "61"]
[BlackElo "1988"]
[BlackRD "55"]
[GameID "35496"]

1. d4 f5 2. g3 Nf6 3. Bg2 g6 4. c3 Bg7 5. Qb3 Nc6 6. Nh3 e6 7. O-O d5 8. Nd2 O-O 9. Nf4 a5 10. a4 g5
11. Nd3 Ne4 12. f3 Nd6 13. Re1 f4 14. g4 Nf7 15. e4 b6 16. exd5 exd5 17. Qc2 Re8 18. Rxe8+ Qxe8 19. Nb1 Ba6 20. Bd2 Bxd4+
21. cxd4 Nxd4 22. Qxc7 Bxd3 23. Nc3 Nb3 24. Re1 Qd8 25. Qxd8+ Rxd8 26. Bc1 d4 27. Na2 Bc2 28. Bf1 d3 29. Kf2 Nxc1 30. Nxc1 d2
0-1

[Event "A Dutch Treat"]
[Site "SchemingMind.com"]
[Date "2006.01.08"]
[Round "-"]
[White "Zugzwang"]
[Black "Erhaem"]
[Result "0-1"]
[WhiteCountry "CAN"]
[BlackCountry "NED"]
[WhiteElo "1565"]
[WhiteRD "75"]
[BlackElo "1976"]
[BlackRD "62"]
[GameID "35497"]

1. d4 f5 2. g3 Nf6 3. Bg2 g6 4. Nf3 Bg7 5. O-O O-O 6. c4 d6 7. Nc3 Nc6 8. d5 Ne5 9. Nxe5 dxe5 10. e4 f4
11. b4 g5 12. Re1 a6 13. Bb2 Qe8 14. Rc1 Ng4 15. f3 Qh5 16. h3 Ne3 17. Qb3 Nxg2 18. Kxg2 Qxh3+ 19. Kf2 Qh2+
0-1

[Event "A Dutch Treat"]
[Site "SchemingMind.com"]
[Date "2006.01.09"]
[Round "-"]
[White "e_castle3"]
[Black "Erhaem"]
[Result "0-1"]
[WhiteCountry "PHI"]
[BlackCountry "NED"]
[WhiteElo "1674"]
[WhiteRD "71"]
[BlackElo "1988"]
[BlackRD "55"]
[GameID "35499"]

1. d4 f5 2. c4 Nf6 3. g3 e6 4. Bg2 d5 5. Nc3 c6 6. b3 Bd6 7. Nf3 O-O 8. O-O Nbd7 9. Qc2 Ne4 10. Nxe4 fxe4
11. Nd2 e5 12. Bb2 Qf6 13. e3 exd4 14. Bxd4 Be5 15. Qb2 b6 16. cxd5 cxd5 17. Rfc1 Qxf2+ 18. Kh1 Qf6 19. Rc2 Bxd4 20. exd4 Ba6
21. Re1 Bd3 22. Rc7 Nc5 23. b4 Ne6 24. Rd7 Qf2 25. Rc1 e3 26. Bxd5 exd2 27. Bxe6+ Kh8
0-1